00790 a2200169 4500003000500000005001700005040000900022082001000031100002200041245002200063260003600085300001700121505041900138538002900557600002200586650001200608Nust20170207153421.0 cNust a355.3 aGreenfield Robert aCommand Decisions aPakistanb Army Edu Pressc1960 axiv, 477 p.; aGerman First the Basic Concept of Allied Strategy in World War II (Page-3), The German Decision to Invade Norway (Page-39), Japan’ s Decision for war (Page-63), The Decision to Evacuate the Japanese (Page-88), The Decision to Withdraw to Bataan (Page-110), The Decision to Invade North for Aid to the U.S.S.R (Page-154), Overload Versus the Admiralties (Page-210), Halter’s Decision on the Defense (Page-224), aAlmirah No.53 Shelf No.6 aRobert Greenfield aCommand